000 01145cam a22003131 4500
001 22721
003 BD-RjUL
005 20211209000837.0
008 140309r19571895nyu 001 0 eng
035 _a(BD-RjUL)22786
035 _a(OCoLC)279475
040 _aDLC
_cONcM
_dOCoLC
_dDLC
_dBD-RjUL
_beng
041 _aeng
082 _a792.0942
_bHAH 1957
100 1 _aHazlitt, William,
_d1778-1830.
_970087
245 1 0 _aHazlitt on theatre :
_bselections from the View of the English stage, and Criticisms and dramatic essays /
_cEdited by William Archer and Robert Lowe. Introd. by William Archer.
260 _aNew York :
_bHill and Wang,
_c1957.
300 _a211 p. ;
_c19 cm.
500 _a"Originally published in 1895 ... as the second of a three volume collection of Dramatic essays."
504 _aIncludes index.
650 0 _aTheater
_zEngland
_zLondon.
_970089
650 0 _aEnglish drama
_xHistory and criticism.
_954197
650 0 _aActors, English.
_970090
700 1 _aArcher, William,
_d1856-1924,
_eed.
_960874
942 _2ddc
_cBK
999 _c22721
_d22721